Les artistes francophones les plus écoutés Spotify 2024 - Statistiques

Statistiques générales
  • Ce quiz a été pris 141 fois
  • Le résultat moyen est 5 sur 10
Statistiques - réponses
Hint Réponse % Correct
1 Jul
88%
3 Ninho
77%
8 Gims
71%
10 Damso
61%
6 Gazo
49%
7 SDM
45%
5 Tiakola
44%
2 Werenoi
40%
4 PLK
39%
9 Dadju
34%
Aucun quiz correspondant
Distribution des résultats
% des personnes avec chaque résultat
Percentile par nombre de réponses
Votre historique - résultats
Vous n’avez pas pris ce quiz